Countries Appearing in MCU (by country) - Statistics

General Stats
  • This quiz has been taken 289 times
  • The average score is 19 of 51
Answer Stats
Movies Hint Answer % Correct
Iron Man, Iron Man 2, Thor,Captain America: the First Avenger, The Avengers, Iron Man 3, Captain America: the Winter Soldier, Guardians of the Galaxy, Avengers: Age of Ultron, Ant-Man, Captain America: Civil War, Doctor Strange, Guardians of the Galaxy vol. 2, Spider-Man: Homecoming, Thor: Ragnarok, Black Panther, Avengers: Infinity War, Ant-Man and the Wasp, Captain Marvel, Avengers: Endgame, Spider-Man: Far from Home North America United States
98%
Iron Man 2, The Avengers, CaptainAmerica: Civil War, Ant-Man and the Wasp Europe/Asia Russia
94%
Thor: the Dark World, Avengers: Age of
Ultron, Captain America: Civil War,
Doctor Strange, Black Panther, Avengers: Infinity War, Spider-Man: Far from Home
Europe United Kingdom
94%
Iron Man 2, Spider-Man: Far from Home (Mysterio illusion) Europe France
91%
The Avengers, Ant-Man, CaptainAmerica: Civil War, Spider-Man: Homecoming, Spider-Man: Far from Home Europe Germany
89%
Doctor Strange Asia China
88%
Captain America: the First Avenger,Spider-Man: Far From Home Europe Italy
85%
Avengers: Endgame Asia Japan
85%
The Avengers, Spider-Man: Homecoming (unconfirmed) Asia India
75%
Iron Man Asia Afghanistan
70%
Thor, Captain America: the First Avenger,Avengers: Age of Ultron, Thor: Ragnarok Europe Norway
70%
Captain America: Civil War, Black Panther,Spider-Man: Far from Home Europe Austria
66%
Captain America: Civil War, Black Panther,Avengers: Infinity War, Avengers: Endgame Africa Wakanda
64%
Captain America: the First Avenger,The Avengers Europe/North America Denmark
63%
Avengers: Age of Ultron, Black Panther Asia South Korea
63%
Spider-Man: Far from Home Europe Netherlands
62%
Captain America: the First Avenger, IronMan 3 Europe Switzerland
60%
Thor, Thor: the Dark World, Thor:Ragnarok, Avengers: Endgame Nine Realms Asgard
56%
Spider-Man: Far from Home Europe Czech Republic
51%
Avengers: Age of Ultron Africa South Africa
48%
Iron Man 2 Europe Monaco
46%
Doctor Strange, Avengers: Endgame Asia Nepal
46%
Captain America: Civil War Europe Romania
40%
Iron Man 3 Asia Pakistan
39%
Captain America: Civil War, Black Panther Africa Nigeria
38%
Captain America: the Winter Soldier,Avengers: Age of Ultron, Captain America: Civil War Europe Sokovia
35%
Avengers: Age of Ultron Europe Belarus
23%
Thor: the Dark World, Guardians of theGalaxy, Avengers: Infinity War, Avengers: Endgame Outer space territories Knowhere
17%
Thor Nine Realms Jotunheim
16%
Guardians of the Galaxy vol. 2 Outer space territories Ego
12%
Avengers: Infinity War, Avengers:Endgame Outer space territories Titan
11%
Iron Man 3 Asia Kuwait
9%
Guardians of the Galaxy Nova Empire Xandar
8%
Avengers: Infinity War Nine Realms Nidavellir
5%
Thor: Ragnarok Outer space territories Sakaar
5%
Thor: the Dark World Nine Realms Svartalfheim
5%
Thor: the Dark World Nine Realms Vanaheim
5%
Captain Marvel Kree Empire Hala
4%
Thor: Ragnarok Nine Realms Muspelheim
4%
Avengers: Infinity War, Avengers:Endgame Outer space territories Vormir
4%
Guardians of the Galaxy, Avengers:Endgame Outer space territories Morag
2%
Avengers: Endgame Europe New Asgard
2%
Guardians of the Galaxy vol. 2 Outer space territories Sovereign
2%
Guardians of the Galaxy vol. 2 Outer space territories Berhert
1%
Guardians of the Galaxy vol. 2 Outer space territories Contraxia
1%
Avengers: Endgame Outer space territories Korbin
1%
Avengers: Infinity War, Avenvers:Endgame Outer space territories Planet 0259-S
1%
Guardians of the Galaxy Outer space territories Sanctuary
1%
Guardians of the Galaxy Nova Empire The Kyln
1%
Captain Marvel Kree Empire Torfa
1%
Avengers: Infinity War Outer space territories Zen-Whoberi
1%
No matching quizzes found
Score Distribution
Percent of People with Each Score
Percentile by Number Answered
Your Score History
You have not taken this quiz